[Event "It (open)"]
[Site "Moscow (Russia)"]
[Date "2008.02.03"]
[Round "2"]
[White "Balashov Yuri S (RUS)"]
[Black "Kazhgaleyev Murtas (KAZ)"]
[Result "0-1"]
[WhiteElo "2378"]
[BlackElo "2640"]

{ Balashov Yuri S (RUS) +3 =5 -0 Kazhgaleyev Murtas (KAZ) +2 =0 -0 } 1.c4 e5
2.Nc3 Nc6 3.g3 g6 4.Bg2 Bg7 5.d3 d6 6.Nf3 ( 6.Rb1 f5 7.b4 Nf6 8.b5 Ne7 9.Nf3
O-O 10.O-O h6 11.a4 Rb8 12.c5 Be6 13.Ba3 Qd7 14.Rc1 g5 15.cxd6 cxd6 16.Nd2
Rbc8 17.Nc4 Ne8 18.Qb3 e4 19.Qb4 Rf7 20.Nb1 Nd5 21.Qd2 Ndf6 22.Na5 Rxc1
23.Rxc1 d5 24.Nb3 b6 25.Nd4 Ng4 { ...1-0, Balashov Yuri S 2521 - Bartel
Mateusz 2447 , Moscow 2002 It (open) "Aeroflot" } ) 6...f5 7.O-O h6 { = } 8.e4
( 8.Rb1 Nf6 9.b4 O-O 10.b5 Ne7 11.Ne1 c6 12.bxc6 bxc6 13.Ba3 Be6 14.Qa4 Qc7
15.Nc2 Nd7 16.Qb4 Nc5 17.Na4 Rab8 18.Nxc5 Rxb4 19.Nxe6 Qc8 20.Nxb4 Qxe6
21.Nxc6 e4 22.Nxa7 exd3 23.exd3 f4 24.Nc6 Qd7 25.Nxe7+ Qxe7 26.Rbe1 Qd7
27.Bd5+ Kh7 { ...1-0, Wojtaszek Radoslaw 2606 - Michielsen Joost 2362 ,
Belfort 24. 7.2005 Ch World (juniors) (under 18) } ) 8...Nge7 ( 8...Nf6 9.exf5
gxf5 10.d4 O-O 11.dxe5 dxe5 12.Qxd8 Rxd8 13.Nb5 Ne8 14.Be3 Be6 15.Nd2 e4
16.Nc3 Ne5 17.c5 Nd3 18.Rab1 Nxb2 19.Rxb2 Bxc3 20.Rc2 Bg7 21.g4 fxg4 22.Nxe4
c6 23.Rb1 Rd7 24.Rd2 Rad8 25.Rxb7 Rxb7 26.Rxd8 Rb1+ 27.Bf1 Kf7 28.Ra8 {
...0-1, Preiss Martin 2283 - Mohr Stefan 2413 , Triberg 1991 It (open)
(active) } ) ( 8...g5 9.exf5 Bxf5 10.Nh4 Be6 11.Ng6 Rh7 12.f4 exf4 13.gxf4 Qd7
14.fxg5 O-O-O 15.Nd5 hxg5 16.Bxg5 Bd4+ 17.Kh1 Qg7 18.Ndf4 Re8 19.Nxe6 Rxe6
20.Rf8+ { 1-0, Stanec Nikolaus 2495 - Pirrot Dieter 2410 , Vienna 1998 It
(open) } ) 9.Rb1 { N } ( 9.Nh4 f4 ( 9...O-O 10.exf5 gxf5 11.f4 Nd4 12.Nd5 Nxd5
13.Bxd5+ Kh7 14.fxe5 c6 15.Bg2 dxe5 16.Qh5 Qe8 17.Qxe8 Rxe8 18.Bh3 e4 19.Bxf5+
Bxf5 20.Nxf5 Nxf5 21.Rxf5 exd3 22.Bf4 Kg6 23.g4 Rad8 24.Rd1 Re4 25.b3 Rdd4
26.Bg3 Rd7 27.Rf3 d2 28.Kf1 b5 { ...0-1, Rodionov Alexey - Emeljanov
Konstantin 2178 , Vladimir 9.2004 It (open) (b) } ) 10.gxf4 exf4 11.Nd5 g5
12.Qh5+ Kf8 13.Nf5 Nxf5 14.exf5 Bxf5 15.Bxf4 Qe8 16.Qxe8+ Kxe8 17.Bg3 Kd7
18.f4 g4 19.Be4 Nd4 20.Bxf5+ Nxf5 21.Bf2 h5 22.Kg2 Rhe8 23.Rae1 Bxb2 24.d4
Rxe1 25.Rxe1 c6 26.Nf6+ Kc7 27.Ne8+ Kb6 28.c5+ dxc5 { ...0-1, Boehm Martin
2295 - Golubev Mikhail 2520 , Deizisau 1997 It (open) } ) ( 9.exf5 Nxf5 10.Rb1
O-O 11.b4 g5 12.b5 Nce7 13.Nd2 Nd4 14.Nb3 a6 15.Nxd4 exd4 16.Nd5 axb5 17.cxb5
Nxd5 18.Bxd5+ Kh8 19.a4 Bh3 20.Bxb7 Bxf1 21.Kxf1 Ra7 22.Bc6 Qf6 23.Rb2 Qf5
24.Kg1 Qc5 25.Ra2 Rf6 26.Bd2 d5 27.Qb3 Re6 28.Bxd5 Re2 { ...1-0, Markowski
Tomasz 2550 - Pikula Dejan 2450 , Biel 2001 It (open) } ) ( 9.Be3 O-O 10.Qc1
g5 11.Nxg5 hxg5 12.Bxg5 Qe8 13.Bh6 f4 14.Bxg7 Kxg7 15.Qd2 Qh5 16.gxf4 Rh8
17.f3 Qxh2+ 18.Kf2 Qh4+ 19.Ke2 Nd4+ 20.Kd1 Qxf4 21.Qf2 Rh2 22.Ne2 Nxe2 23.Kxe2
Bh3 24.Rh1 Ng6 25.Rxh2 Qxh2 26.Rg1 Nf4+ 27.Kf1 Bxg2+ { 0-1, Zero Robert -
Djurhuus Rune 2460 , Hammerfest 1993 It } ) ( 9.Nd5 Be6 10.Rb1 a5 11.b3 O-O
12.Ne1 fxe4 13.dxe4 Nd4 14.f4 c6 15.Nxe7+ Qxe7 16.fxe5 dxe5 17.Bb2 c5 18.Nf3
Bg4 19.h3 Nxf3+ 20.Bxf3 Bxh3 21.Rf2 Rad8 22.Qe2 Be6 23.Qe3 Rd7 24.Rh2 b6
25.Rf1 Qd8 26.Rff2 Rd3 27.Qe2 Qd7 28.Bc1 g5 { ...0-1, Pierzak Rafael 2234 -
Rejnat Aleksander 2065 , Pyskowice 1991 It (open) } ) 9...O-O 10.b4 { -0.44
CAP } ( 10.Bd2 { +0.15 CAP } ) 10...f4 { N } ( 10...a6 11.a4 Be6 12.Nd5 fxe4
13.dxe4 b5 14.cxb5 axb5 15.a5 Bg4 16.h3 Bxf3 17.Bxf3 Nd4 18.Bg2 c5 19.Nxe7+
Qxe7 20.Be3 c4 21.Bd2 Rf7 22.Bc3 Raf8 23.Rb2 Kh7 24.f4 Qa7 25.Bxd4 exd4 26.Kh1
d3 27.Rbf2 Qe3 28.Qg4 Bf6 29.e5 dxe5 30.fxe5 { ...0-1, Webb Simon 2420 -
Penrose Jonathan 2405 , Bristol 1968 Ch Great Britain } ) 11.gxf4 { ?! } (
11.Ne2 { !? } 11...fxg3 12.fxg3 Be6 13.Be3 a6 14.Qd2 g5 15.a4 { } ) 11...exf4
12.d4 g5 13.h3 g4 14.hxg4 Bxg4 15.Ne2 Ng6 16.b5 Bxf3 { ?! } ( 16...Nh4 { !? }
17.Rb3 Nxf3+ 18.Rxf3 Bxf3 19.Bxf3 Qg5+ 20.Kh2 Nd8 21.Rg1 { } ) 17.Bxf3 Qg5+
18.Kh2 Qh4+ 19.Kg2 Qg5+ 20.Kh2 Nxd4 21.Nxd4 Bxd4 22.Qxd4 Ne5 { ? } ( 22...Qh4+
23.Kg2 Qg5+ 24.Kh1 Qh4+ 25.Kg2 Qg5+ 26.Kh1 Qh4+ 27.Kg2 Qg5+ 28.Kh1 Qh4+ 29.Kg2
Qg5+ { } ) 23.Rb3 { ? } ( 23.Qc3 Qf6 24.Rg1+ Kh7 25.Rg2 Rg8 26.Kh1 Rxg2
27.Kxg2 Qh4 { } ) 23...Qh4+ 24.Kg2 Kh7 25.Rh1 Rg8+ { } {#R} 0-1

[Event "It (open) (b)"]
[Site "Moscow (Russia)"]
[Date "2008.02.05"]
[Round "4"]
[White "Bolshagin Valery (RUS)"]
[Black "Sargissyan Sargis (ARM)"]
[Result "0-1"]
[WhiteElo "2141"]
[BlackElo "2119"]

1.c4 e5 2.Nc3 Nc6 3.g3 g6 4.Bg2 Bg7 5.d3 d6 6.e3 Nf6 7.Nge2 O-O 8.O-O Be6 9.h3
Qd7 10.Kh2 d5 11.Qa4 Rfd8 12.e4 dxc4 13.dxc4 Qd3 14.c5 Nd4 15.Rd1 Nf3+ 16.Kh1
Nxe4 17.Be3 Qxe3 18.Qxe4 Qxe4 19.Nxe4 Nd4 20.N2c3 h6 21.g4 f5 22.gxf5 gxf5
23.Ng3 e4 24.Bf1 Be5 25.Rac1 Kf7 26.b3 Rg8 27.Nce2 Nxe2 28.Nxe2 Rg7 29.Nd4
Rag8 30.Bc4 Bxc4 31.bxc4 Rg2 32.f4 Bxf4 {#R} 0-1

[Event "It (open)"]
[Site "Gorzow Wlkp (Poland)"]
[Date "2008.03.21"]
[Round "4"]
[White "Czerwonski Aleksander (POL)"]
[Black "Klim Kamil (POL)"]
[Result "1-0"]
[WhiteElo "2391"]
[BlackElo "2249"]

1.c4 g6 2.g3 Bg7 3.Bg2 d6 4.Nc3 Nc6 5.d3 e5 6.Nf3 Nge7 7.O-O O-O 8.Rb1 Be6
9.b4 Qc8 10.b5 Nd8 11.Bg5 f6 12.Bd2 g5 13.Ne1 Ng6 14.Nc2 Bh3 15.e4 Bxg2
16.Kxg2 f5 17.Bxg5 f4 18.Bxd8 f3+ 19.Kh1 Qh3 20.Rg1 Raxd8 21.Ne3 Ne7 22.g4 Bh6
23.Rg3 Qh4 24.Nf5 Nxf5 25.gxf5+ Kh8 26.Qxf3 Bf4 27.Rh3 Qg5 28.Rg1 {#r} 1-0

[Event "Tournament (open)"]
[Site "Belem (Brazil)"]
[Date "2008.03.23"]
[Round "7"]
[White "Lima Darcy (BRA)"]
[Black "Palacio Igor Da Paz (BRA)"]
[Result "1-0"]
[WhiteElo "2488"]
[BlackElo "2143"]

1.g3 e5 2.c4 Nc6 3.Bg2 d6 4.Nc3 g6 5.d3 Bg7 6.Rb1 Nge7 7.b4 a5 8.b5 Nd4 9.e3
Ne6 10.Nge2 O-O 11.Nd5 f5 12.O-O Rb8 13.f4 Nxd5 14.cxd5 Nc5 15.fxe5 dxe5
16.Ba3 b6 17.d4 Bh6 18.dxc5 Bxe3+ 19.Kh1 bxc5 20.Qb3 f4 21.d6+ Kg7 22.gxf4
exf4 23.Bxc5 Bxc5 24.Qc3+ Kh6 25.Qxc5 cxd6 26.Qd4 g5 27.Nxf4 gxf4 28.Rxf4 Rxf4
29.Qxf4+ Kg7 30.Rg1 h5 31.Bf3+ Bg4 32.Bxg4 hxg4 33.Rxg4+ {#r} 1-0

[Event "Ch Poland (juniors) (under 16) (g)"]
[Site "Leba (Poland)"]
[Date "2008.04.05"]
[Round "10"]
[White "Dabrowska Paula (POL)"]
[Black "Jaworska Aleksandra (POL)"]
[Result "0-1"]
[WhiteElo "1520"]
[BlackElo "1638"]

1.c4 e5 2.Nc3 Nc6 3.g3 g6 4.Bg2 Bg7 5.d3 d6 6.Nf3 f5 7.O-O Nf6 8.Rb1 O-O 9.b4
h6 10.b5 Ne7 11.Bd2 Be6 12.a4 Qd7 13.Qc1 Kh7 14.Qa3 Nh5 15.a5 f4 16.a6 b6
17.Qc1 Bh3 18.Qc2 Bxg2 19.Kxg2 g5 20.Rh1 g4 21.Ne1 Nf5 22.Ne4 Nd4 23.Qd1 f3+
24.exf3 gxf3+ 25.Nxf3 Nxf3 26.Be3 Qf5 27.h3 Nd4 28.Kh2 Qf3 29.Qd2 Nf6 30.Nc3
{#R} 0-1

[Event "It (open)"]
[Site "Ballerup (Denmark)"]
[Date "2008.04.17"]
[Round "3"]
[White "Hartsteen Mark (DEN)"]
[Black "Luther Lasse (DEN)"]
[Result "0-1"]
[WhiteElo "1887"]
[BlackElo "1952"]

1.c4 e5 2.d3 Nc6 3.g3 g6 4.Bg2 Bg7 5.Nc3 d6 6.Nf3 Nge7 7.O-O O-O 8.Rb1 f5
9.Bd2 h6 10.Qc2 g5 11.Rfc1 f4 12.Ne4 Nf5 13.Bc3 g4 14.Nfd2 h5 15.Nb3 h4
16.gxf4 exf4 17.Bxg7 Nxg7 18.Qd2 Nh5 19.Kh1 h3 20.Bf1 Qh4 21.Qc3 g3 22.fxg3
fxg3 23.hxg3 Nxg3+ 24.Nxg3 Qxg3 25.Bxh3 Qxh3+ 26.Kg1 Qg3+ 27.Kh1 Rf2 28.Rg1
Rh2# 0-1

[Event "It (open)"]
[Site "Sant Boi (Spain)"]
[Date "2008.05.09"]
[Round "2"]
[White "Gonzalez Rodriguez Jorge A (COL)"]
[Black "Martinez Lliria Pere (ESP)"]
[Result "1-0"]
[WhiteElo "2407"]
[BlackElo "1984"]

1.c4 e5 2.Nc3 Nc6 3.g3 g6 4.Bg2 Bg7 5.d3 d6 6.Nf3 Nge7 7.Rb1 f5 8.Bd2 Rb8 9.b4
O-O 10.b5 Nd4 11.Nxd4 exd4 12.Nd5 h6 13.O-O Be6 14.Qa4 Nc8 15.Rfc1 b6 16.Nb4
Ne7 17.Qxa7 c5 18.bxc6 Ra8 19.Qb7 Ra4 20.c7 Qc8 21.Qxb6 g5 22.Qxd6 Ng6
23.Qxe6+ {#r} 1-0

[Event "Cup President"]
[Site "Baku (Azerbaijan)"]
[Date "2008.05.18"]
[Round "7"]
[White "Abdulov Orkhan (AZE)"]
[Black "Agasiyeva Fidan (AZE)"]
[Result "1-0"]
[WhiteElo "2350"]
[BlackElo "2096"]

1.c4 g6 2.Nc3 Bg7 3.g3 d6 4.Bg2 e5 5.d3 Nc6 6.Nf3 Nge7 7.Rb1 f5 8.Be3 Nd4
9.Qd2 O-O 10.Bh6 Ne6 11.Bxg7 Kxg7 12.b4 Rb8 13.O-O h6 14.d4 e4 15.Ne1 d5 16.f3
f4 17.fxe4 dxe4 18.d5 fxg3 19.Nxe4 gxh2+ 20.Kh1 Nf5 21.Qb2+ Ned4 22.Nf3 Kh7
23.Nxd4 Ne3 24.Rxf8 Qxf8 25.Ne6 Bxe6 26.Nf6+ Kh8 27.Nd7+ Qg7 28.Qxg7+ {#r} 1-0

[Event "Tournament"]
[Site "Wagrowiec (Poland)"]
[Date "2008.06.07"]
[Round "6"]
[White "Zoltek Tadeusz (POL)"]
[Black "Wojcieszyn Zdzislaw (POL)"]
[Result "1-0"]
[WhiteElo "2227"]
[BlackElo "2088"]

1.c4 e5 2.Nc3 Nc6 3.g3 g6 4.Bg2 Bg7 5.d3 d6 6.e3 Nge7 7.Nge2 Nf5 8.Rb1 a5 9.a3
O-O 10.O-O Bd7 11.b4 axb4 12.axb4 Qc8 13.b5 Nce7 14.Qb3 h5 15.e4 Nh6 16.f3 Bh3
17.Be3 Bxg2 18.Kxg2 Kh7 19.c5 Nhg8 20.b6 Rb8 21.bxc7 Qxc7 22.Nb5 Qd7 23.Nxd6
Nc6 24.Qb6 Nge7 25.Rfd1 Nc8 26.Nxc8 Rfxc8 27.Nc3 Qd8 28.Nd5 Qxb6 29.cxb6 Ra8
30.Ra1 Bf8 31.Nc7 Rxa1 32.Rxa1 Bd6 33.Nb5 Rd8 34.Ra7 Bb8 35.Rxb7 Rxd3 36.Bf2
Kg7 37.Na7 {#r} 1-0

[Event "It \"]
[Site "Asuncion (Paraguay)"]
[Date "2008.06.23"]
[Round "7"]
[White "Bachmann Axel (PAR)"]
[Black "Brito Luizmar J (BRA)"]
[Result "1-0"]
[WhiteElo "2555"]
[BlackElo "2342"]

1.c4 d6 2.g3 g6 3.Bg2 Bg7 4.Nc3 e5 5.d3 Nc6 6.e3 Be6 7.Rb1 f5 8.Nge2 Nf6 9.Nd5
Bxd5 10.cxd5 Ne7 11.Qb3 Rb8 12.O-O O-O 13.Bd2 Kh8 14.Rfc1 Qd7 15.Rc2 c5
16.dxc6 bxc6 17.Qa4 c5 18.Qxd7 Nxd7 19.b4 Rfc8 20.b5 d5 21.a4 d4 22.exd4 e4
23.dxe4 cxd4 24.Rxc8+ Rxc8 25.Rc1 Nb6 26.a5 Na4 27.exf5 gxf5 28.Rxc8+ Nxc8
29.Bb7 Nd6 30.b6 axb6 31.a6 b5 32.a7 Nb6 33.Ba5 Ndc4 34.Bxb6 Nxb6 35.Nc1 b4
36.a8=Q+ Nxa8 37.Bxa8 d3 38.Nxd3 b3 39.Bd5 {#r} 1-0

[Event "Ch Greece (juniors) (under 12) (g)"]
[Site "Kallithea (Greece)"]
[Date "2008.07.03"]
[Round "8"]
[White "Markaki Sofia (GRE)"]
[Black "Serefidou Despina (GRE)"]
[Result "1-0"]
[WhiteElo "1728"]
[BlackElo "1539"]

1.c4 e5 2.Nc3 Nc6 3.g3 g6 4.Bg2 Bg7 5.d3 d6 6.Rb1 a5 7.a3 f5 8.e3 Nf6 9.Nge2
O-O 10.O-O h6 11.b4 axb4 12.axb4 g5 13.f4 Nh7 14.Nd5 Ne7 15.Nec3 Nxd5 16.Nxd5
Nf6 17.Bb2 Nxd5 18.Bxd5+ Kh8 19.Bg2 Qe8 20.Qc2 Qg6 21.c5 gxf4 22.exf4 h5
23.cxd6 cxd6 24.fxe5 dxe5 25.Rbe1 f4 26.Bxe5 Bxe5 27.Rxe5 h4 28.Qc3 Qg7
29.Rh5+ Kg8 30.Bd5+ Rf7 31.Bxf7+ Qxf7 32.Qh8# 1-0

[Event "Ch Poland (team) (juniors) (1 liga)"]
[Site "Gorzow Wielkopolski (Poland)"]
[Date "2008.07.07"]
[Round "3"]
[White "Matusiak Marcin (POL)"]
[Black "Szumilas Piotr (POL)"]
[Result "1-0"]
[WhiteElo "1988"]
[BlackElo "2085"]

1.c4 e5 2.Nc3 Nc6 3.g3 g6 4.Bg2 Bg7 5.d3 d6 6.e4 Nge7 7.Nge2 O-O 8.O-O f5 9.f4
Be6 10.Nd5 Bxd5 11.exd5 Nd4 12.Nxd4 exd4 13.Re1 a5 14.Bd2 Re8 15.Re6 Qd7
16.Qe2 Kf7 17.Re1 b6 18.Bf3 Bf6 19.h3 Ng8 20.Kg2 Rab8 21.a3 Kf8 22.b4 axb4
23.axb4 Rxe6 24.dxe6 Qc8 25.b5 Ne7 26.Bb4 h6 27.Kh2 Kg7 28.Rg1 Qe8 29.g4 fxg4
30.hxg4 g5 31.f5 h5 32.Bd2 h4 33.Kh3 c6 34.Rb1 cxb5 35.cxb5 Rc8 36.Qd1 Rc5
37.Bb4 Qxb5 38.Bxc5 Qxc5 39.Qe1 b5 {#r} 1-0

[Event "It (cat.8)"]
[Site "New Jersey (USA)"]
[Date "2008.07.11"]
[Round "8"]
[White "Zlotnikov Mikhail (USA)"]
[Black "Ju Evan D (USA)"]
[Result "0-1"]
[WhiteElo "2314"]
[BlackElo "2306"]

1.c4 g6 2.Nc3 Bg7 3.g3 d6 4.Bg2 e5 5.d3 Nc6 6.Nf3 f5 7.O-O Nf6 8.Rb1 O-O 9.b4
h6 10.b5 Ne7 11.c5 Be6 12.Bb2 g5 13.a4 Ng6 14.a5 d5 15.a6 bxa6 16.bxa6 c6
17.Qa4 Qc7 18.Ba1 Rab8 19.Na2 Nd7 20.Qa3 Rxb1 21.Rxb1 Rb8 22.Rxb8+ Qxb8 23.Nd2
Qb5 24.Nb3 d4 25.Nac1 Bf8 26.Qa5 Nxc5 27.Qxb5 cxb5 28.Na5 Nxa6 29.e3 dxe3
30.fxe3 {#R} 0-1

[Event "Cup North Sea (open)"]
[Site "Esbjerg (Denmark)"]
[Date "2008.07.13"]
[Round "4"]
[White "Oehmichen Jan (DEN)"]
[Black "Stubsgaard Aske Lynge"]
[Result "1-0"]
[WhiteElo "1865"]
[BlackElo "1061"]

1.c4 e5 2.Nc3 Nc6 3.d3 d6 4.g3 g6 5.Bg2 Bg7 6.Nf3 Nf6 7.O-O O-O 8.h3 Be6 9.e4
Qd7 10.Kh2 Nd8 11.Nh4 Nh5 12.f4 f5 13.exf5 gxf5 14.Qxh5 c6 15.Qf3 Qe7 16.Ne2
Qd7 17.Qf2 Nf7 18.Rh1 a6 19.b3 Rae8 20.fxe5 Nxe5 21.Nf4 Bf7 22.Bb2 Ng6 23.Bxg7
Kxg7 24.Nh5+ Kh8 25.Nf6 Qe7 26.Nxg6+ Bxg6 27.Nxe8 Rxe8 28.Qd4+ Kg8 29.Rae1 Qd7
30.Rxe8+ Bxe8 31.Qf6 Bg6 32.Re1 {#r} 1-0

[Event "Ch Spain (juniors) (under 14)"]
[Site "Padrun (Spain)"]
[Date "2008.07.14"]
[Round "3"]
[White "Balague Camps Marc (ESP)"]
[Black "Beltran De Heredia Eguiazabal M (ESP)"]
[Result "0-1"]
[WhiteElo "1796"]
[BlackElo "1986"]

1.c4 e5 2.g3 Nc6 3.Bg2 g6 4.Nc3 Bg7 5.d3 d6 6.e4 Be6 7.Nge2 Qd7 8.Nd5 Nce7
9.Rb1 c6 10.Ne3 Bh3 11.O-O Bxg2 12.Kxg2 f5 13.f4 Nh6 14.b4 O-O 15.a4 Kh8 16.b5
d5 17.exd5 cxd5 18.fxe5 g5 19.d4 f4 20.gxf4 Nhf5 21.fxg5 dxc4 22.Nxf5 Qd5+
23.Kg1 Nxf5 24.Rf4 Bxe5 25.Nc3 Bxd4+ 26.Rxd4 Qxd4+ 27.Qxd4+ Nxd4 28.Ba3 Rf3
29.Bc5 Ne6 30.Be7 Nf4 31.Re1 Kg7 32.Bf6+ Kf8 33.Re7 Re8 34.Rxe8+ Kxe8 35.Ne4
c3 36.Nxc3 Rxc3 {#R} 0-1

[Event "Ch Switzerland (open)"]
[Site "Samnaun (Switzerland)"]
[Date "2008.07.14"]
[Round "5"]
[White "Elfert Aleksandr V (RUS)"]
[Black "Lematschko Tatjana (SUI)"]
[Result "0-1"]
[WhiteElo "2002"]
[BlackElo "2195"]

1.c4 e5 2.g3 Nc6 3.Bg2 g6 4.Nc3 Bg7 5.d3 d6 6.e4 Be6 7.Nf3 h6 8.Be3 Qd7 9.a3
Bh3 10.Bxh3 Qxh3 11.Nb5 Qd7 12.Qa4 Nf6 13.O-O-O O-O 14.Nc3 a6 15.c5 dxc5
16.Bxc5 Rfe8 17.Rhe1 b6 18.Be3 b5 19.Qb3 Qg4 20.Ng1 Bf8 21.h3 Qc8 22.Nd5 Nxd5
23.Qxd5 Qb7 24.Nf3 Rad8 25.Qa2 b4 26.axb4 Nxb4 27.Qb3 Qb5 28.d4 Qc6+ 29.Kd2
exd4 30.Bf4 d3 31.Rc1 Nc2 32.Be5 Qc5 33.Re3 Qb4+ 34.Qc3 Nxe3 35.Kxe3 d2 36.Rd1
Qb6+ 37.Ke2 Qb5+ 38.Ke3 Bb4 39.Nd4 Qxe5 {#R} 0-1

[Event "It (open)"]
[Site "Gent (Belgium)"]
[Date "2008.07.22"]
[Round "8"]
[White "Stuemer Paul (GER)"]
[Black "Dgebuadze Alexandre (BEL)"]
[Result "0-1"]
[WhiteElo "2147"]
[BlackElo "2544"]

1.c4 e5 2.g3 Nc6 3.Bg2 g6 4.Nc3 d6 5.d3 Bg7 6.e4 Nf6 7.Nge2 O-O 8.O-O a6 9.Rb1
Rb8 10.b4 b5 11.cxb5 axb5 12.a4 bxa4 13.Qxa4 Ne7 14.Bd2 Bb7 15.Rfc1 h6 16.Qc2
Kh7 17.b5 Qd7 18.Nd1 Rfc8 19.Ne3 Ba8 20.Nc3 c6 21.bxc6 Nxc6 22.Rxb8 Rxb8
23.Ncd5 Nxd5 24.exd5 Nd4 25.Qd1 h5 26.Rb1 Rxb1 27.Qxb1 Bh6 28.Qa2 Bb7 29.Bb4
Qb5 30.Qc4 Qb6 31.Be1 Qb1 32.Qb4 Qc1 33.Qd2 Qc8 34.h3 Nf5 35.Qe2 Nxe3 36.fxe3
Qc5 37.Bf2 Bxd5 38.d4 Qc1+ 39.Kh2 Bxg2 40.Kxg2 {#R} 0-1

[Event "Ch Netherlands (open)"]
[Site "Dieren (Netherlands)"]
[Date "2008.07.26"]
[Round "5"]
[White "Goldstern Flip (NED)"]
[Black "Van Opheusden Bas (NED)"]
[Result "0-1"]
[WhiteElo "2363"]
[BlackElo "2156"]

1.c4 Nc6 2.Nc3 e5 3.g3 g6 4.Bg2 Bg7 5.d3 d6 6.Nf3 f5 7.O-O Nf6 8.Rb1 O-O 9.b4
Ne7 10.b5 c6 11.bxc6 bxc6 12.c5 e4 13.cxd6 Ned5 14.dxe4 fxe4 15.Nxd5 cxd5
16.Nd4 Qxd6 17.Bf4 Qd8 18.Nb5 a6 19.Nd4 Qa5 20.Qc2 Bd7 21.Bc7 Qa3 22.Qd2 Rfc8
23.Rb7 Qa4 24.Be5 Re8 25.Rb4 Qa5 26.Nb3 e3 27.fxe3 Qxb4 28.Qxb4 Rxe5 29.Qd6
{#R} 0-1

[Event "It (open)"]
[Site "Creon (France)"]
[Date "2008.08.01"]
[Round "7"]
[White "Larand Manuel (FRA)"]
[Black "Jaureguiberry Cedric (FRA)"]
[Result "0-1"]
[WhiteElo "1958"]
[BlackElo "2164"]

1.c4 e5 2.Nc3 Nc6 3.g3 g6 4.Bg2 Bg7 5.d3 d6 6.e4 h5 7.h4 Nh6 8.Nh3 Nd4 9.b4
O-O 10.O-O c6 11.Rb1 Bd7 12.f3 Qc8 13.Nf2 f5 14.Bg5 Nf7 15.Bd2 f4 16.gxf4 Qd8
17.Nh3 Bxh3 18.Bxh3 Qxh4 19.Kh2 Bh6 20.Qe1 Bxf4+ 21.Bxf4 Qxf4+ 22.Qg3 Ng5 {#R}
0-1

[Event "It (open)"]
[Site "Ceska Trebova (Czech Republic)"]
[Date "2008.08.08"]
[Round "1"]
[White "Petraz Martin (CZE)"]
[Black "Bernasek Jan (CZE)"]
[Result "0-1"]
[WhiteElo "1957"]
[BlackElo "2444"]

1.c4 g6 2.Nc3 Bg7 3.g3 e5 4.Bg2 d6 5.d3 Nc6 6.e4 Nge7 7.Nge2 f5 8.Rb1 O-O
9.O-O a5 10.a3 fxe4 11.Nxe4 Bg4 12.f3 Bf5 13.g4 Bc8 14.Bg5 h6 15.Be3 d5
16.N4g3 Be6 17.Qc1 Kh7 18.h3 Nd4 19.f4 Nxe2+ 20.Nxe2 dxc4 21.dxc4 Qd3 22.Ng3
exf4 23.Bxf4 Nc6 24.Be4 Qxc4 25.Bxc7 Qd4+ 26.Kg2 Rxf1 27.Qxf1 Rc8 28.Qf4 Rf8
29.Qd6 Rf2+ 30.Kh1 Qxd6 31.Bxd6 Rxb2 32.Re1 Bf7 33.Nh5 Bc3 34.Rf1 Kg8 35.Nf4
Rd2 36.Bc5 Kg7 37.h4 Bd4 38.Bd6 Bb6 {#R} 0-1

[Event "Ch France (accession)"]
[Site "Pau (France)"]
[Date "2008.08.14"]
[Round "3"]
[White "Aguettaz Maxime (FRA)"]
[Black "Pietrasanta Jeremy (FRA)"]
[Result "1-0"]
[WhiteElo "2396"]
[BlackElo "2282"]

1.c4 e5 2.Nc3 d6 3.g3 Nc6 4.Bg2 g6 5.d3 Bg7 6.e4 h5 7.h4 Be6 8.Nge2 Qd7 9.Nd5
Nce7 10.d4 Nc6 11.Be3 exd4 12.Nxd4 Bxd5 13.cxd5 Nxd4 14.Bxd4 Nf6 15.Qb3 O-O
16.O-O c5 17.dxc6 bxc6 18.Qc3 Ne8 19.Rfd1 Bxd4 20.Rxd4 Rb8 21.Rc1 Qe6 22.Ra4
c5 23.Rxa7 Nf6 24.Ra6 Nxe4 25.Bxe4 Qxe4 26.Rxd6 Qb4 27.b3 Qa3 28.Qc4 Kg7
29.Rc2 Ra8 30.Rd5 Qb4 31.Rxc5 Qe1+ 32.Kg2 Qb1 33.b4 Kg8 34.Rc6 Kg7 35.b5 Rab8
36.a4 Rb7 37.Qd4+ Kh7 38.Rc7 Rxc7 39.Rxc7 {#r} 1-0

[Event "Ch Europe (seniors)"]
[Site "Davos (Switzerland)"]
[Date "2008.08.17"]
[Round "9"]
[White "Clemens Christian Dr (GER)"]
[Black "Petzold Hans Prof Dr (GER)"]
[Result "1-0"]
[WhiteElo "2283"]
[BlackElo "2165"]

1.g3 e5 2.c4 Nc6 3.Bg2 g6 4.Nc3 Bg7 5.d3 d6 6.e3 f5 7.Nge2 Nf6 8.Rb1 O-O 9.b4
Qe8 10.b5 Nd8 11.O-O g5 12.f4 h6 13.a4 a5 14.Qd2 Bd7 15.Ba3 Rf7 16.b6 c5
17.fxe5 Qxe5 18.Nd5 Nxd5 19.Bxd5 Qe7 20.Bxf7+ Nxf7 21.Rbe1 Ne5 22.Nc3 g4
23.Nd5 Qg5 24.Bb2 Nf3+ 25.Rxf3 gxf3 26.Bxg7 Kxg7 27.Rf1 Re8 28.Rxf3 Bxa4
29.Qxa5 Bc6 30.Qa1+ Re5 31.Rf4 Kg6 32.e4 Bxd5 33.cxd5 fxe4 34.Qa8 Kg7 35.Qf8+
{#r} 1-0

[Event "It (open) (a)"]
[Site "Polanica Zdroj (Poland)"]
[Date "2008.08.20"]
[Round "1"]
[White "Kusina Jan (POL)"]
[Black "Kanarek Marcel (POL)"]
[Result "0-1"]
[WhiteElo "2099"]
[BlackElo "2458"]

1.c4 g6 2.Nc3 Bg7 3.g3 d6 4.Bg2 Nc6 5.d3 e5 6.Rb1 a5 7.a3 Nf6 8.b4 axb4 9.axb4
O-O 10.b5 Ne7 11.Nf3 Bg4 12.h3 Bd7 13.O-O Nh5 14.e4 Qe8 15.Qb3 Kh8 16.Nd5 Nxd5
17.cxd5 Ra5 18.b6 Rb5 19.Qc2 Rxb1 20.Qxb1 c5 21.dxc6 Bxc6 22.Ba3 Qd7 23.Qb4
Rd8 24.Bb2 f5 25.Kh2 Bf6 26.h4 Bg7 27.Ng5 h6 28.Nf3 Nf6 29.Nd2 d5 30.exf5 gxf5
31.Bh3 Ng4+ 32.Kg1 Bf6 33.Re1 d4 34.Nc4 Qd5 {#R} 0-1

[Event "It (open) (b)"]
[Site "Polanica Zdroj (Poland)"]
[Date "2008.08.21"]
[Round "3"]
[White "Metelski Jerzy (POL)"]
[Black "Marchlewicz Damian (POL)"]
[Result "0-1"]
[WhiteElo "1824"]
[BlackElo "1903"]

1.c4 e5 2.Nc3 Nc6 3.g3 g6 4.Bg2 Bg7 5.d3 d6 6.e3 Nf6 7.Nge2 O-O 8.O-O Be6 9.b3
d5 10.cxd5 Nxd5 11.Nxd5 Bxd5 12.Bxd5 Qxd5 13.Nc3 Qd7 14.Qe2 Rad8 15.Ba3 Rfe8
16.Rfd1 a6 17.Rac1 f5 18.Qf3 Qe6 19.Na4 e4 20.dxe4 fxe4 21.Qe2 Ne5 22.Rxd8
Rxd8 23.Nc5 Qf5 24.Kg2 Nd3 25.Rc4 b5 26.Rc2 b4 27.Bxb4 Nxb4 28.Qc4+ Rd5
29.Qxb4 Qf3+ {#R} 0-1

[Event "It (open)"]
[Site "Port of Spain (Trinidad & Tobago)"]
[Date "2008.08.28"]
[Round "2"]
[White "Chin Nicholas (TRI)"]
[Black "Chang Eddison Dr (TRI)"]
[Result "0-1"]
[WhiteElo "1836"]
[BlackElo "1973"]

1.c4 e5 2.d3 Nc6 3.Nc3 g6 4.g3 Bg7 5.Bg2 d6 6.e4 Be6 7.Be3 Qd7 8.Qd2 h6 9.a3
a5 10.Rb1 a4 11.Nge2 Na5 12.O-O Ne7 13.f4 Nb3 14.Qc2 Nc5 15.Rfe1 Nc6 16.Bxc5
dxc5 17.Nxa4 Nd4 18.Nxd4 Qxd4+ 19.Kh1 h5 20.h3 h4 21.Nc3 hxg3 22.f5 gxf5
23.Ne2 Qe3 24.Ng1 Qh6 25.Qe2 f4 26.Qf3 Qh4 27.Qf1 Bg4 28.Ra1 Ra6 29.b4 Rah6
30.b5 Qf6 31.Nf3 Bxh3 32.Bxh3 Rxh3+ 33.Kg2 Rh2+ 34.Nxh2 Rxh2+ 35.Kg1 f3 36.Re2
fxe2 37.Qxf6 Bxf6 38.a4 Bg5 39.a5 Be3# 0-1

[Event "Ch European Union"]
[Site "Liverpool (England)"]
[Date "2008.09.12"]
[Round "4"]
[White "Hawkins James N (ENG)"]
[Black "Yeo Michael J (ENG)"]
[Result "0-1"]
[WhiteElo "2013"]
[BlackElo "2103"]

1.c4 Nc6 2.Nc3 e5 3.g3 g6 4.Bg2 Bg7 5.d3 d6 6.Nf3 f5 7.Bg5 Nf6 8.Nd5 h6 9.Bxf6
Bxf6 10.Nxf6+ Qxf6 11.Qc2 O-O 12.O-O g5 13.e3 f4 14.exf4 exf4 15.Qc3 g4 16.Nd2
f3 17.Bh1 Bf5 18.Ne4 Bxe4 19.dxe4 Qxc3 20.bxc3 Rae8 21.Rfe1 Re5 22.h3 h5
23.hxg4 hxg4 24.Rad1 Rfe8 25.Rd5 Rxe4 26.Rb1 Re1+ 27.Rxe1 Rxe1+ 28.Kh2 Re5
29.Rd3 Rc5 30.Bxf3 gxf3 31.Rxf3 Ne5 {#R} 0-1